<?xml version="1.0" encoding="UTF-8"?>
<collection xmlns="http://www.loc.gov/MARC21/slim">
 <record>
  <leader>00949nam a2200241   4500</leader>
  <controlfield tag="001">000009499</controlfield>
  <controlfield tag="003">5696</controlfield>
  <controlfield tag="005">20150812140831.0</controlfield>
  <controlfield tag="008">111028s                               sd</controlfield>
  <datafield tag="100" ind1="0" ind2=" ">
   <subfield code="a">Sơn Hồng Vỹ</subfield>
  </datafield>
  <datafield tag="245" ind1="0" ind2="0">
   <subfield code="a">Tác phẩm hay Guitar classic</subfield>
   <subfield code="c">Sơn Hồng Vỹ</subfield>
  </datafield>
  <datafield tag="774" ind1=" " ind2=" ">
   <subfield code="a">Sơn Hồng Vỹ</subfield>
   <subfield code="d">Nxb. Giao thông vận tải</subfield>
   <subfield code="d">Tp. Đà Nẵng</subfield>
   <subfield code="d">2004</subfield>
   <subfield code="g">T. 1</subfield>
   <subfield code="h">99 tr</subfield>
   <subfield code="t">Romance</subfield>
   <subfield code="w">5698</subfield>
  </datafield>
  <datafield tag="774" ind1=" " ind2=" ">
   <subfield code="a">Sơn Hồng Vỹ</subfield>
   <subfield code="d">Nxb. Giao thông vận tải</subfield>
   <subfield code="d">Tp. Đà Nẵng</subfield>
   <subfield code="d">2004</subfield>
   <subfield code="g">T. 2</subfield>
   <subfield code="h">95 tr</subfield>
   <subfield code="t">Sérénata</subfield>
   <subfield code="w">5699</subfield>
  </datafield>
  <datafield tag="774" ind1=" " ind2=" ">
   <subfield code="a">Sơn Hồng Vỹ</subfield>
   <subfield code="d">Nxb. Giao thông vận tải</subfield>
   <subfield code="d">Tp. Đà Nẵng</subfield>
   <subfield code="d">2005</subfield>
   <subfield code="g">T. 3</subfield>
   <subfield code="h">95 tr</subfield>
   <subfield code="t">Fur Elise</subfield>
   <subfield code="w">5702</subfield>
  </datafield>
  <datafield tag="774" ind1=" " ind2=" ">
   <subfield code="a">Sơn Hồng Vỹ</subfield>
   <subfield code="d">Nxb. Giao thông vận tải</subfield>
   <subfield code="d">Tp. Đà Nẵng</subfield>
   <subfield code="d">2006</subfield>
   <subfield code="g">T. 4</subfield>
   <subfield code="h">96 tr</subfield>
   <subfield code="t">Tango</subfield>
   <subfield code="w">5704</subfield>
  </datafield>
  <datafield tag="OWN" ind1=" " ind2=" ">
   <subfield code="a">LSP</subfield>
  </datafield>
  <datafield tag="999" ind1=" " ind2=" ">
   <subfield code="a">From the UDN01</subfield>
  </datafield>
  <datafield tag="TYP" ind1=" " ind2=" ">
   <subfield code="a">Monograph</subfield>
  </datafield>
  <datafield tag="TYP" ind1=" " ind2=" ">
   <subfield code="a">Printed language</subfield>
  </datafield>
  <datafield tag="980" ind1=" " ind2=" ">
   <subfield code="a">Mạng thư viện Đại học Đà Nẵng</subfield>
  </datafield>
 </record>
</collection>
